Most Played Live - Madonna - Statistics

General Stats
  • This quiz has been taken 39 times
  • The average score is 15 of 20
Answer Stats
Answer % Correct
Like a Prayer
100%
Like a Virgin
97%
Vogue
94%
Frozen
91%
Holiday
88%
Hung Up
85%
La Isla Bonita
82%
Music
82%
Papa Don't Preach
82%
Material Girl
79%
Open Your Heart
79%
Ray of Light
79%
Express Yourself
73%
Into The Groove
67%
Deeper and Deeper
58%
Live to Tell
58%
Dress You Up
42%
Human Nature
42%
Candy Shop
39%
Burning Up
36%
No matching quizzes found
Score Distribution
Percent of People with Each Score
Percentile by Number Answered
Your Score History
You have not taken this quiz